00715nam a2200241Ia 4500008004000000041000800040082001200048100002700060245007500087260004100162300000800203650001500211650002400226650001200250650001100262650001400273650001100287690001600298700002200314906001100336999001900347952010700366210210b1957 xxu||||| |||| 00| 0 eng d aeng a535/122 aSEARS (Francis Weston) aUniversity physics:electricity and magnetism optics and atomic physics aLondonbAddison Wesley Longmanc1957 a973 aUniversity aphysics:electricity aphysics aoptics amagnetism aatomic aElectricity aZEMANSKY (Mark W) a008740 c127492d127492 001040728PhysicsaALbALd2021-02-17g0.00l0o535/122p008740r2021-02-17 00:00:00w2021-02-17yBK